Score 0/10 Timer 01:00
1 Play Today
Hint 4-Letter Word % Correct
Dark Side followersSITH
87.2%
Google or Sporcle, e.g.SITE
84.2%
Light Side followersJEDI
81.4%
Dragon's breathFIRE
81.3%
Kingly addressSIRE
77.8%
Golfer's warningFORE
75.1%
Glutton's demandMORE
68.7%
Picoult, author of 'My Sister's Keeper' JODI
53.4%
Most frequent valueMODE
50.7%
India's Prime Minister (2014-present)MODI
43.8%

Today's Daily Dose

Remove Ads.
Support Sporcle.
Get the best of Sporcle when you Go Orange. This ad-free experience offers more features, more stats, and more fun while also helping to support Sporcle. Thank you for becoming a member.

You're not logged in!

Compare scores with friends on all Sporcle quizzes.
OR
Log In

Show Comments

Extras

Top Quizzes Today


Score Distribution

Your Account Isn't Verified!

In order to create a playlist on Sporcle, you need to verify the email address you used during registration. Go to your Sporcle Settings to finish the process.

Report this User

Report this user for behavior that violates our Community Guidelines.

Details: